| 000 | 01178nam a22002177a 4500 | ||
|---|---|---|---|
| 999 |
_c4596 _d4596 |
||
| 003 | OSt | ||
| 005 | 20250304134437.0 | ||
| 008 | 250304b ||||| |||| 00| 0 eng d | ||
| 020 | _a9781250003416 | ||
| 040 | _cKH8 | ||
| 082 | _aFIC GLE | ||
| 100 |
_aGleitzman, Morris, _eauthor. |
||
| 245 |
_aThen / _cMorris Gleitzman. |
||
| 260 |
_aNew York ; _bMacmillan Publishing Group, _c2013. |
||
| 300 |
_a198 pages : _c21 cm. |
||
| 520 | _aFelix and Zelda have escaped the death camp train, but where do they go now? They're two runaway kids in Nazi-occupied Poland during World War II and the Holocaust. Danger lies at every turn of the road. With the help of a woman named Genia and their active imaginations, Felix and Zelda find a new home and begin to heal, forming a new family together. But can it last? Morris Gleitzman's winning characters will tug at readers' hearts as they struggle to survive in the harsh political climate of Poland in 1942. Their lives are difficult, but they always remember what matters: family, love, and hope. | ||
| 650 |
_aOrphans _vfiction |
||
| 650 |
_aSeparation (Psychology) _vFiction |
||
| 650 |
_aSurvival _vFiction |
||
| 942 |
_2ddc _cFIC |
||